Predicting financial distress of agricultural companies in EU
Finančné riziko a predpovedanie finančnej núdze poľnohospodárskych spoločností (podnikov), ktorá je spojená s detekciou finančných problémov ako zadlženosť a likvidita. Klasifikačné metódy použité pri výskume prognóz finančnej núdze. Premenné veličiny pre hodnotenie rizika. Stredné hodnoty pre všetk...
Enregistré dans:
| Auteur principal: | |
|---|---|
| Autres auteurs: | |
| Format: | Chapitre de livre |
| Langue: | anglais |
| Sujets: | |
| Tags: |
Pas de tags, Soyez le premier à ajouter un tag!
|
MARC
| LEADER | 00000naa a2200000 4500 | ||
|---|---|---|---|
| 001 | 0236524 | ||
| 005 | 20220805075050.7 | ||
| 041 | 0 | |a eng | |
| 044 | |a CZ | ||
| 245 | 1 | 0 | |a Predicting financial distress of agricultural companies in EU |c Václav Klepáč, David Hampel |
| 520 | |a Finančné riziko a predpovedanie finančnej núdze poľnohospodárskych spoločností (podnikov), ktorá je spojená s detekciou finančných problémov ako zadlženosť a likvidita. Klasifikačné metódy použité pri výskume prognóz finančnej núdze. Premenné veličiny pre hodnotenie rizika. Stredné hodnoty pre všetky premenné. Aplikácia rozhodovacích stromov pre predpovedanie finančnej núdze podniku. | ||
| 610 | 2 | 0 | |a podnik poľnohospodársky |
| 610 | 2 | 0 | |a riziko finančné |
| 610 | 2 | 0 | |a zadlženosť |
| 610 | 2 | 0 | |a likvidita podniku |
| 610 | 2 | 0 | |a prognózovanie |
| 610 | 2 | 0 | |a prognózy podnikové |
| 610 | 2 | 0 | |a klasifikácia |
| 610 | 2 | 0 | |a metódy |
| 100 | 1 | |a Klepáč, Václav | |
| 700 | 1 | |a Hampel, David | |